000 00614nam a2200253Ia 4500
005 20260121160853.0
008 008 260114s9999 xx 000 0 eng d
020 _a9781315735658
037 _aEBOOK
040 _aCRL
040 _beng
040 _cCRL
041 _2eng
041 _aeng
084 _qCRL
100 _a Barbara Comber
_91037374
245 0 _aLiteracy, Place, and Pedagogies of Possibility
260 _bTaylor and Francis
260 _c2016
856 _uhttp://www.taylorfrancis.com/books/9781315735658
942 _cEBOOK
999 _c1604190
_d1604190